ANALES : (Record no. 59351)

MARC details
000 -CABECERA
campo de control de longitud fija 00545nam a2200169 a 4500
003 - IDENTIFICADOR DEL NÚMERO DE CONTROL
campo de control DLC
005 - FECHA Y HORA DE LA ÚLTIMA TRANSACCIÓN
campo de control 20210219152716.0
035 ## - NÚMERO DE CONTROL DEL SISTEMA
Número de control de sistema UPN01000059358
049 ## - COLECCIÓN
Colección Acervo histórico
245 00 - MENCIÓN DE TÍTULO
Título ANALES :
Resto del título REVISTA OFICIAL DEL CONSEJO NACIONAL DE ENSEÑANZA PRIMARIA Y NORMAL
260 ## - PUBLICACIÓN, DISTRIBUCIÓN, ETC.
Lugar de publicación, distribución, etc. Uruguay :
Nombre del editor, distribuidor, etc. Centro Nacional de Documentación y Divulgación Pedagógicas: Consejo Nacional de Enseñanza Primaria
362 0# - FECHAS DE PUBLICACIÓN Y/O DESIGNACIÓN SECUENCIAL
Fecha de publicación y/o designación secuencial 1967 34 (1-6,7,8,9,10,11,12)
362 0# - FECHAS DE PUBLICACIÓN Y/O DESIGNACIÓN SECUENCIAL
Fecha de publicación y/o designación secuencial 1968-70 36
653 0# - TERMINO DE INDIZACION - NO CONTROLADO
Término no controlado EDUCACION BASICA
905 ## - TIPO DE MATERIAL
Tipo de material Revista

No items available.